00809nam a2200169 a 450000100100000000500170001000800410002704000250006808200140009311000630010724501280017026000570029830000190035550000660037495201820044099900170062200003298820200930065945.0110805s1925 dr 000 0 spa d aDO-SdBNPbspacBNPHU axxxbR4261 aRepública DominicanabDepartamento de agricultura95871313aEl cultivo del tabaco en Canada y la introducción del tabaco extrangero en dicho mercado. /cDepartamento de agricultura. aSanto Domingo :bDepartamento de agricultura,c1925. a8 p. ;c17 cm. aInforme del cónsul general dominicano en Montreal, Canadá 001050718RVaPDbPDcCTd2011-08-05iLF1l0oxxx R426p32988-10r2020-06-25w2020-06-25y1zPerteneció a la biblioteca personal de Carlos Larrazábal Blanco.ZNo se presta c32479d32479